00337nam a2200121Ia 4500008004100000041001200041082001100053100001100064245011400075260000600189650000600195700001400201221030s9999 xx 000 0 und d aEnglish a105.23 aA. Sen 2aA variety of plasma -prooceering of the 1989 international conference on plasma physicscby A. Sen, P. K. Kaw c0 aB aP. K. Kaw